000 00810cab a2200253 4500
001 ABS59863
008 090401t1998 xxu||||| |||| 00| 0 eng d
035 _a(Sirsi) u90152
041 _aeng
100 _aKennedy, D.
245 _aJaakko Poyry charts way ahead for British Forestry
260 _c1998
350 _a0
490 _aForestry & British Timber
_v27(12) December 1998, 14-17(5)
520 _aReview of the objectives of the recent development study on the prospects for British-grown softwood over the next 15 years carried out by Finnish consultants Jaako Poyry.
650 _aFORECASTS
650 _aFOREST PRODUCTS
650 _aFORESTRY COMMISSION
650 _aFORESTRY MARKET
650 _aSOFTWOOD TIMBER
690 _aRURAL PRACTICE
942 _n0
948 _c04/12/1998
999 _c57113
_d57113